000 00699nam a2200289Ia 4500
005 20260324130434.0
008 008 260324s9999 xx 000 0 eng d
020 _a9780203705834
037 _aEBOOK
040 _aCRL
040 _beng
040 _cCRL
041 _2eng
041 _aeng
084 _qCRL
100 _aJoseph Galano
_91181777
245 4 _aThe Healthy Families America Initiative
245 0 _bIntegrating Research, Theory and Practice
260 _bTaylor and Francis
260 _c2007
365 _a
365 _b220
856 _uhttp://www.taylorfrancis.com/books/9780203705834
942 _cEBOOK
999 _c1777955
_d1777955